000 00569cam a2200205 4500
001 ABS61963
008 000000n2000 000 0 eng u
035 _a(Sirsi) u104380
100 _aJameson, A.
245 _aEthical minority
260 _c2000
490 _aProperty Week
_v65(6) 11 February 2000 36-38(3)
520 _aDescribes the operations of the Ethical Property Company and its share issue.
590 _aABS
650 _aETHICAL INVESTMENT
650 _aRENT
650 _aSOCIALLY RESPONSIBLE INVESTMENT
690 _aINVESTMENT
942 _n0
999 _c62624
_d62624